[Event "Alicante IRT op 15th"]
[Site "Alicante"]
[Date "2021.09.26"]
[Round "6"]
[White "Cinza Lopez, Javier"]
[Black "Martinez Fernandez, Raul"]
[Result "0-1"]
[WhiteElo "2011"]
[BlackElo "2186"]
[PlyCount "70"]
[EventDate "2021.09.24"]
[EventType "swiss"]
[EventRounds "7"]
[EventCountry "ESP"]
[SourceTitle "CBM 204 Extra"]
[Source "ChessBase"]
[SourceDate "2021.11.30"]
[SourceVersion "1"]
[SourceVersionDate "2021.11.30"]
[SourceQuality "1"]

1. d4 d5 2. Nf3 Nf6 3. c4 e6 4. g3 c5 5. Bg2 Nc6 6. cxd5 exd5 7. 0-0 Be7 8. Nc3 0-0 9. Be3 cxd4 10. Nxd4 Re8 11. Nxc6 bxc6 12. Rc1 Be6 13. Na4 Qd7 14. Nc5 Bxc5 15. Bxc5 Bh3 16. Bd4 Bxg2 17. Kxg2 Ne4 18. Be3 Re6 19. Qa4 Qb7 20. Rc2 d4 21. Bf4 c5 22. f3 Nf6 23. Qb3 Qe7 24. Kf2 Re8 25. Re1 g5 26. Bc1 g4 27. f4 Qd6 28. Qc4 d3 29. f5 Re5 30. Qf4 dxc2 31. Qg5+ Kh8 32. Kf1 Rxe2 33. Bd2 Rxe1+ 34. Bxe1 Qd3+ 35. Kg2 Qf3+ 0-1

[Event "Pontevedra op-A 6th"]
[Site "Pontevedra"]
[Date "2018.08.08"]
[Round "1"]
[White "Cinza Lopez, Javier"]
[Black "Pazos Porta, Antonio"]
[Result "0-1"]
[WhiteElo "2009"]
[BlackElo "2335"]
[PlyCount "116"]
[EventDate "2018.08.08"]
[EventType "swiss"]
[EventRounds "9"]
[EventCountry "ESP"]
[SourceTitle "EXT 2021"]
[Source "ChessBase"]
[SourceDate "2020.10.23"]
[SourceVersion "1"]
[SourceVersionDate "2020.10.23"]
[SourceQuality "1"]

1. e4 c5 2. Nf3 e6 3. c3 d5 4. e5 Nc6 5. d4 Qb6 6. a3 c4 7. Nbd2 Na5 8. b4 cxb3 9. Bb2 Bd7 10. c4 dxc4 11. Nxc4 Nxc4 12. Bxc4 Ne7 13. 0-0 Bc6 14. Bxb3 Bd5 15. Ba4+ Nc6 16. Bc3 Be7 17. Rb1 Qc7 18. Bb4 0-0 19. Bxe7 Qxe7 20. Qd3 Rfd8 21. Bxc6 Bxc6 22. Rfd1 Rd5 23. Qe3 Rad8 24. Rd3 Ra5 25. Nd2 Ra4 26. Ne4 Bxe4 27. Qxe4 b6 28. Rbb3 Rc4 29. Rbc3 Qxa3 30. Qe1 Qb4 31. Qa1 Rcxd4 32. Rxd4 Qxd4 33. g3 Qd1+ 34. Qxd1 Rxd1+ 35. Kg2 g5 36. Rc7 a5 37. Ra7 g4 38. Ra6 Rb1 39. h3 h5 40. h4 Kg7 41. Ra8 Rb5 42. Ra6 Rb4 43. Kf1 a4 44. Ke2 Kg6 45. Kd3 b5 46. Ra5 Rb3+ 47. Kc2 Rf3 48. Rxb5 Rxf2+ 49. Kd3 Rf3+ 50. Ke4 Rxg3 51. Ra5 a3 52. Ra8 Kg7 53. Kf4 Rf3+ 54. Ke4 Rb3 55. Kf4 g3 56. Rc8 g2 57. Rc1 a2 58. Rg1 Kf8 0-1

[Event "Navarra-ch"]
[Site "Pamplona"]
[Date "2016.04.16"]
[Round "5"]
[White "Arrese Igor Royuela, Alex"]
[Black "Cinza Lopez, Javier"]
[Result "0-1"]
[WhiteElo "1638"]
[BlackElo "1980"]
[PlyCount "132"]
[EventDate "2016.03.05"]
[EventType "swiss"]
[EventRounds "8"]
[EventCountry "ESP"]
[SourceTitle "EXT 2018"]
[Source "ChessBase"]
[SourceDate "2017.10.13"]
[SourceVersion "1"]
[SourceVersionDate "2017.10.13"]
[SourceQuality "1"]

1. d4 g6 2. Nf3 Bg7 3. e4 d6 4. Bc4 Nf6 5. Qe2 Bg4 6. c3 Bxf3 7. Qxf3 Nbd7 8. Bd3 0-0 9. 0-0 c6 10. Qe2 e5 11. f4 exd4 12. cxd4 Qb6 13. Be3 d5 14. e5 Ne4 15. Bxe4 dxe4 16. Nc3 f5 17. d5 Qa5 18. d6 Kh8 19. a3 Qd8 20. e6 Rf6 21. exd7 Rxd6 22. Rad1 Qxd7 23. Rxd6 Qxd6 24. Rd1 Qc7 25. Qd2 Rg8 26. Qd7 Qb8 27. Rd2 c5 28. g3 b6 29. Nb5 a6 30. Nc7 Qb7 31. Ne6 Qxd7 32. Rxd7 Bxb2 33. a4 Rb8 34. Ra7 a5 35. Rd7 Kg8 36. Nc7 Rb7 37. Rd8+ Kf7 38. Nb5 Ke6 39. Rd6+ Ke7 40. Rd2 Bc1 41. Re2 Bxe3+ 42. Rxe3 Rd7 43. Kf2 Rd1 44. Rb3 Rh1 45. h4 Kd7 46. Na7 Kc7 47. Nb5+ Kb7 48. Nc3 Kc6 49. Nb5 Ra1 50. Nc3 c4 51. Rb2 Ra3 52. Rc2 Kc5 53. Ke3 Kb4 54. Kd4 Kb3 55. Rc1 Kb2 56. Rb1+ Kc2 57. Rxb6 Rxc3 58. Rb5 Rxg3 59. Kxc4 e3 60. Rxa5 e2 61. Re5 Kd1 62. Rd5+ Ke1 63. a5 Kf1 64. Re5 e1Q 65. Rxe1+ Kxe1 66. a6 Ra3 0-1

[Event "Navarra-chTA"]
[Site "Pamplona"]
[Date "2015.11.14"]
[Round "6.8"]
[White "Abaurrea San Juan, Xabier"]
[Black "Cinza Lopez, Javier"]
[Result "0-1"]
[WhiteElo "1608"]
[BlackElo "1945"]
[PlyCount "52"]
[EventDate "2015.10.10"]
[EventType "team-tourn"]
[EventRounds "7"]
[EventCountry "ESP"]
[SourceTitle "CBM 169 Extra"]
[Source "ChessBase"]
[SourceDate "2015.12.18"]
[SourceVersion "1"]
[SourceVersionDate "2015.12.18"]
[SourceQuality "1"]
[WhiteTeam "Arrano Elkartea"]
[BlackTeam "Orvina"]
[WhiteTeamCountry "ESP"]
[BlackTeamCountry "ESP"]

1. d4 g6 2. Nf3 Bg7 3. Bf4 d6 4. e4 Nd7 5. c3 a6 6. Bc4 e6 7. Bg5 Ne7 8. a4 b6 9. 0-0 Bb7 10. Re1 h6 11. Bxe7 Qxe7 12. Bd5 c6 13. Bc4 0-0 14. Nbd2 c5 15. d5 e5 16. Qe2 f5 17. Bd3 Bc8 18. Nc4 Rb8 19. g3 f4 20. Nh4 Kh7 21. Qg4 Rf6 22. gxf4 exf4 23. e5 Nxe5 24. Bxg6+ Nxg6 25. Qxg6+ Rxg6+ 26. Nxg6 Qg5+ 0-1

[Event "Pamplona Puente Foral op"]
[Site "Pamplona"]
[Date "2014.12.07"]
[Round "6"]
[White "Ruiz Moreno, Rafael"]
[Black "Cinza Lopez, Javier"]
[Result "0-1"]
[WhiteElo "1827"]
[BlackElo "1885"]
[PlyCount "72"]
[EventDate "2014.12.03"]
[EventType "swiss"]
[EventRounds "7"]
[EventCountry "ESP"]
[SourceTitle "CBM 163 Extra"]
[Source "ChessBase"]
[SourceDate "2014.12.23"]
[SourceVersion "1"]
[SourceVersionDate "2014.12.23"]
[SourceQuality "1"]

1. d4 d5 2. c4 c6 3. Nc3 dxc4 4. e3 Be6 5. a4 Nf6 6. Nf3 g6 7. Ne5 Bg7 8. Nxc4 0-0 9. Be2 Nbd7 10. 0-0 Nb6 11. Nd2 Qc7 12. Nb3 Nbd7 13. e4 Rfd8 14. Be3 Ne5 15. h3 b6 16. Nd2 Ned7 17. Rc1 Qb7 18. Bf3 Rac8 19. b4 Qb8 20. g4 Nf8 21. Ne2 Bd7 22. Qb3 Ne6 23. d5 cxd5 24. exd5 Nc7 25. Bf4 h5 26. g5 Nfe8 27. Bg2 Nd6 28. Ng3 Nce8 29. b5 Rxc1 30. Rxc1 Rc8 31. Re1 Rc3 32. Qb1 Qd8 33. Qb4 Rd3 34. Qb1 Rc3 35. Nde4 Rc4 36. Qb3 Qc8 0-1

[Event "Pamplona Puente Foral op"]
[Site "Pamplona"]
[Date "2014.12.05"]
[Round "3"]
[White "Cinza Lopez, Javier"]
[Black "Ortega Lopez, Mikel"]
[Result "0-1"]
[WhiteElo "1885"]
[BlackElo "2008"]
[PlyCount "84"]
[EventDate "2014.12.03"]
[EventType "swiss"]
[EventRounds "7"]
[EventCountry "ESP"]
[SourceTitle "CBM 163 Extra"]
[Source "ChessBase"]
[SourceDate "2014.12.23"]
[SourceVersion "1"]
[SourceVersionDate "2014.12.23"]
[SourceQuality "1"]

1. e4 c5 2. Nf3 Nc6 3. Bb5 d6 4. Bxc6+ bxc6 5. b3 e5 6. h3 g6 7. d3 Bg7 8. Nbd2 Ne7 9. 0-0 0-0 10. Nc4 f5 11. Bg5 h6 12. Bxe7 Qxe7 13. Re1 f4 14. Qd2 g5 15. b4 cxb4 16. Qxb4 c5 17. Qa5 g4 18. hxg4 Bxg4 19. Rab1 Bxf3 20. gxf3 Rfb8 21. Qa6 Bf8 22. Qc6 Qe8 23. Qxe8 Rxe8 24. Rb7 Re6 25. Reb1 Be7 26. Rd7 Kf7 27. Rbb7 Rg8+ 28. Kh2 Ke8 29. Rxa7 Rg5 30. Rdb7 Reg6 31. Nxd6+ Kf8 32. Ra8+ Kg7 33. Rxe7+ Kf6 34. Rf7+ Ke6 35. Rf5 Rg2+ 36. Kh3 Rxf2 37. Rxf4 exf4 38. Nf5 Rxf3+ 39. Kh2 Rf2+ 40. Kh1 Rgg2 41. Re8+ Kd7 42. Re7+ Kd8 0-1

[Event "Huarte Puente Foral op 8th"]
[Site "Huarte"]
[Date "2013.12.08"]
[Round "7"]
[White "De Pablos Fernandez, Mariano"]
[Black "Cinza Lopez, Javier"]
[Result "0-1"]
[WhiteElo "1969"]
[BlackElo "1866"]
[PlyCount "92"]
[EventDate "2013.12.03"]
[EventType "swiss"]
[EventRounds "7"]
[EventCountry "ESP"]
[SourceTitle "EXT 2016"]
[Source "ChessBase"]
[SourceDate "2015.10.08"]
[SourceVersion "1"]
[SourceVersionDate "2015.10.08"]
[SourceQuality "1"]

1. e4 d5 2. exd5 Qxd5 3. Qf3 Qa5 4. Qc3 Qxc3 5. Nxc3 c6 6. Bc4 Bf5 7. d3 Nf6 8. Nf3 e6 9. Nh4 Bg4 10. h3 Bh5 11. g4 Bg6 12. Be3 Be7 13. Nxg6 hxg6 14. 0-0-0 Nbd7 15. f4 Nd5 16. Nxd5 exd5 17. Bb3 a5 18. c3 a4 19. Bc2 a3 20. b3 0-0-0 21. Bf2 Rh6 22. Rde1 Bd6 23. Bg3 Rdh8 24. h4 d4 25. c4 R6h7 26. Rhf1 Kd8 27. Bd1 Nc5 28. Rf3 Re8 29. Rxe8+ Kxe8 30. Kc2 Na6 31. Be1 Bb4 32. Bg3 f5 33. g5 Kd7 34. Bf2 Bc3 35. Rh3 Rh8 36. Kb1 Nb4 37. h5 gxh5 38. Bxh5 Kd6 39. g6 c5 40. Bg4 Rxh3 41. Bxh3 Nxd3 42. Bg3 Ke6 43. Bg2 b6 44. Bd5+ Ke7 45. Bf7 Nb4 46. Bf2 d3 0-1

[Event "Huarte Puente Foral op 8th"]
[Site "Huarte"]
[Date "2013.12.04"]
[Round "2"]
[White "Urriza Iricibar, Pablo"]
[Black "Cinza Lopez, Javier"]
[Result "1-0"]
[WhiteElo "2116"]
[BlackElo "1866"]
[PlyCount "65"]
[EventDate "2013.12.03"]
[EventType "swiss"]
[EventRounds "7"]
[EventCountry "ESP"]
[SourceTitle "EXT 2016"]
[Source "ChessBase"]
[SourceDate "2015.10.08"]
[SourceVersion "1"]
[SourceVersionDate "2015.10.08"]
[SourceQuality "1"]

1. e4 d5 2. exd5 Qxd5 3. Nc3 Qa5 4. Bc4 Nf6 5. d3 c6 6. Bd2 Qd8 7. Qe2 Bf5 8. f3 e6 9. 0-0-0 Be7 10. g4 Bg6 11. h4 h6 12. Nh3 Nd5 13. g5 Nd7 14. Bxd5 cxd5 15. Nf4 Bf5 16. Nh5 Rh7 17. gxh6 gxh6 18. Ng3 Nf6 19. Nxf5 exf5 20. Rde1 Rc8 21. Qe5 Rc6 22. Rhg1 Kf8 23. Qxf5 Qc8 24. Qe5 Qc7 25. d4 Qxe5 26. dxe5 Nd7 27. Nxd5 Bxh4 28. Bb4+ Nc5 29. Re4 Bg5+ 30. f4 Bd8 31. Nf6 Bxf6 32. exf6 b6 33. Rg8+ 1-0